000 00313nam a2200133Ia 4500
005 20260326100030.0
008 260326s9999||||xx |||||||||||||| ||und||
100 _aRamié, Georges
245 0 _aCerámica de Picasso /
_cGeorges Ramié
260 _bPolígrafa
300 _a128 p.
650 _aARTE
942 _cBK
999 _c6578
_d6578